00686cam a2200229 a 4500001000800000005001700008008004100025010001700066020002500083040001800108041000800126080001300134082002100147100000700168101000800175245005600183504003000239906004500269942001200314999001700326952011300343424193320180206030950.0830801s1984 nyua bf 001 0 eng  a 83017103  a0471864366 :c$22.95 aDLCcDLCdDLC aeng a658.401200a658.4012 MAR2191 a54 aLID10aBuilding the strategic plan :cStephanie K. Marrus. aBibliography: p. 331-333. a7bcbccorignewd1eocipf19gy-gencatlg 2ddccBK c41841d41841 00102udc40708PËKGa002b002cKLMd2018-02-06l0o658.4012 MARp002-2997187r2018-02-06w2018-02-06yBK